000 02709cam a22004574i 4500
003 PE-LiUPU
005 20250731183331.0
008 150625s r 000 0 d
020 _a9561405644
035 _a(Sirsi) i9789561405646
040 _aPE-LiUPU
_bspa
_cPE-LiUPU
_erda
049 _aPRUA
082 0 4 _a720.2
_bP45
_221
100 1 _aPérez Oyarzun, Fernando,
_eautor.
245 1 4 _aLos hechos de la arquitectura /
_cFernando Pérez Oyarzun, Alejandro Aravena Mori y José Quintanilla Chala.
264 1 _aSantiago de Chile :
_bEdiciones ARQ. Escuela de Arquitectura Pontificia Universidad Católica de Chile,
_c2007.
300 _a298 páginas :
_bilustraciones, planos ;
_c21 centímetros.
336 _atext
_2rdacontent
337 _aunmediated
_2rdamedia
338 _avolume
_2rdacarrier
504 _aIncluye bibliografía.
505 0 _aLos hechos de la arquitectura. -La palabra y la figura. -Forma, materia, uso, lugar. -Partenson. -Panteon. -Santa sofía (Agia Sofia). -Conjunto de pisa. -Catedral de Chartres. -Alhambra. -Escalera bibioteca laurenziana. -Iglesia del redentor. -Bsilica de San Pedro. -Monasterio de San Loranzo de el escorial. -Los zocalos del zocalo. -Palacio de versales. -Cenotafio a la momoria de Newtón. -Pabellon aleman. -Volla savoye. -Casa de la cascada. -Ministerio de educación y salud. -Cooperativa de servicios electricos. -Iglesia del monasterio Benedictino. -Yale center for british art. -La palabra de los arquitectos.
526 _aP158
526 _aP146
526 _aP17
526 _aP12
526 _aP06
541 _g001-000377;
650 0 4 _aArquitectura.
_94555
650 0 4 _aMonumentos.
700 1 _aAravena Mori, Alejandro Gastón,
_eautor.
700 1 _aQuintanilla Chala, José1966- ,
_eautor.
942 _2ddc
_cBOOK
949 _a720.2 P45
_wDEWEY
_c1
_i57964
_d2016-3-30
_e2016-3-24
_lCG2
_mBUL
_n2
_p15.00
_r0
_sY
_tBOOK
_u2015-6-25
_xINGENIERIA
_PP06
_0COMPRA
_o.STAFF. Colección General
949 _a720.2 P45
_wDEWEY
_c2
_i71162
_d2016-6-2
_e2016-5-30
_lCG2
_mBUL
_n6
_p39.68
_r0
_sY
_tBOOK
_u2015-5-14
_xINGENIERIA
_PP06
_0COMPRA
_o.STAFF. Colección General
994 _aC0
_bPEPRU
596 _a1
999 _a720.2 P45
_wDEWEY
_c5094
_i57964
_d5094
_e2016-3-24
_f2021-11-9
_g7
_lCCODEBUL1
_mBUL
_n2
_p15.00
_r0
_sY
_tBOOK
_u2015-6-25
_xINGENIERIA
_PP06
_0COMPRA
_o.STAFF. Colección General
999 _a720.2 P45
_wDEWEY
_c2
_i71162
_d2017-2-24
_e2017-2-20
_f2021-11-9
_g7
_lCCODEBUL1
_mBUL
_n9
_p39.68
_r0
_sY
_tBOOK
_u2015-5-14
_xINGENIERIA
_PP06
_0COMPRA
_o.STAFF. Colección General
980 _81
_gALBERTO SANCHEZ Responsable de Automatización